[Event "14. Ciudad de Linares"]
[Site "Linares ESP"]
[Date "1997.02.09"]
[Round "5"]
[White "Anand, Viswanathan"]
[Black "Topalov, Veselin"]
[Result "1/2-1/2"]
[WhiteElo "2765"]
[BlackElo "2725"]

1.e4 e5 2.Cf3 Cc6 3.Fb5 a6 4.Fa4 Cf6 5.O-O Fc5 6.Cxe5 Cxe5 7.d4 b5 8.Fb3 
Fxd4 9.Dxd4 d6 10.f4 Cc6 11.Dc3 Fb7 12.e5 Ce4 13.De3 Ca5 14.Cd2 Cxb3 15.
cxb3 Cxd2 16.Fxd2 O-O 17.Fc3 Dh4 18.Tae1 Tfe8 19.Df2 Dxf2+ 20.Txf2 dxe5 
1/2-1/2

[Event "Chess Classics"]
[Site "Frankfurt GER"]
[Date "1997.??.??"]
[Round "3"]
[White "Topalov, Veselin"]
[Black "Anand, Viswanathan"]
[Result "0-1"]
[WhiteElo "2725"]
[BlackElo "2765"]

1.e4 c5 2.Cf3 d6 3.d4 cxd4 4.Cxd4 Cf6 5.Cc3 a6 6.Fe3 Cg4 7.Fc1 Cf6 8.Fe3 
Cg4 9.Fg5 h6 10.Fh4 g5 11.Fg3 Fg7 12.Fe2 h5 13.Fxg4 Fxg4 14.f3 Fd7 15.Ff2 
Cc6 16.O-O e6 17.Cde2 Dc7 18.Dd2 g4 19.f4 h4 20.Fe3 b5 21.Tad1 Ff8 22.e5 
dxe5 23.Ce4 O-O-O 24.De1 f5 25.Cg5 h3 26.g3 Te8 27.Df2 Rb8 28.fxe5 Fc8 29.
Cf4 Tg8 30.Ch5 Txg5 31.Fxg5 Cxe5 32.Ff4 Fc5 33.Tfe1 Fxf2+ 34.Rxf2 Dxc2+ 
0-1

[Event "Chess Classics"]
[Site "Frankfurt GER"]
[Date "1997.??.??"]
[Round "6"]
[White "Anand, Viswanathan"]
[Black "Topalov, Veselin"]
[Result "1/2-1/2"]
[WhiteElo "2765"]
[BlackElo "2725"]

1.e4 c5 2.Cf3 d6 3.Fc4 Cf6 4.d3 e6 5.Fb3 Fe7 6.O-O O-O 7.Te1 Cc6 8.c3 d5 
9.e5 Cd7 10.d4 b6 11.a3 Fa6 12.Cbd2 Fd3 13.Cf1 Fg6 14.Cg3 Tc8 15.Fe3 b5 
16.Ce2 cxd4 17.cxd4 Cb6 18.Cf4 Ff5 19.De2 Cc4 20.Tac1 Db6 21.Fc2 Fe4 22.
Fd3 g6 23.Fxc4 Fxf3 24.Dxf3 bxc4 25.Dg4 Dxb2 26.h4 Fxa3 27.h5 Ce7 28.Ta1 
Tc7 29.hxg6 hxg6 30.Teb1 Dc2 31.De2 Dc3 32.Da2 Fc5 33.dxc5 Cf5 34.Ce2 Dd3 
35.Fg5 c3 36.Td1 1/2-1/2

[Event "6. Amber Blindfold"]
[Site "Monaco MNC"]
[Date "1997.??.??"]
[Round "3"]
[White "Topalov, Veselin"]
[Black "Anand, Viswanathan"]
[Result "1/2-1/2"]
[WhiteElo "2725"]
[BlackElo "2765"]

1.d4 d5 2.c4 dxc4 3.e4 e5 4.Cf3 exd4 5.Fxc4 Cc6 6.O-O Fe6 7.Fxe6 fxe6 8.
Db3 Dd7 9.Dxb7 Tb8 10.Da6 Cf6 11.Dd3 Fd6 12.Cbd2 O-O 13.Cc4 Cg4 14.h3 Txf3
15.Dxf3 Ch2 16.Dd3 Cxf1 17.Rxf1 Cb4 18.Db3 Cc6 19.Da4 Tb4 20.Dc2 Ce5 21.
Cxe5 Fxe5 22.Dd3 c5 23.b3 c4 24.bxc4 Dc6 25.Fd2 Txc4 26.Tb1 Fc7 27.Tb2 Fb6
28.Re2 h6 29.g3 Tc5 30.h4 Dd7 31.Rf3 Tc8 32.Rg2 Da4 33.Fb4 Tc1 34.h5 De8 
35.Df3 Db5 36.De2 d3 37.Dg4 Dc6 38.Fd2 Tc4 39.Fxh6 Dxe4+ 40.Dxe4 Txe4 41.
Rf3 Te5 42.Fe3 Fxe3 43.fxe3 Txh5 44.Td2 Ta5 1/2-1/2

[Event "6. Amber Rapid"]
[Site "Monaco MNC"]
[Date "1997.??.??"]
[Round "3"]
[White "Anand, Viswanathan"]
[Black "Topalov, Veselin"]
[Result "1/2-1/2"]
[WhiteElo "2765"]
[BlackElo "2725"]

1.e4 e6 2.d4 d5 3.Cc3 dxe4 4.Cxe4 Cd7 5.Cf3 Cgf6 6.Cxf6+ Cxf6 7.g3 b6 8.
Fg2 Fb7 9.O-O Fe7 10.De2 O-O 11.Td1 Te8 12.c4 Dc8 13.Fh3 Fe4 14.Cg5 Ff5 
15.Fg2 h6 16.Cf3 Fe4 17.b3 c5 18.Fb2 cxd4 19.Txd4 Db7 20.Te1 Fc6 21.Ch4 
Fxg2 22.Cxg2 Tad8 23.Ted1 Txd4 24.Fxd4 Ce4 25.f3 e5 26.Dxe4 Dxe4 27.fxe4 
exd4 28.Rf2 Fc5 29.Rf3 a5 30.Cf4 g6 31.Cd3 h5 32.e5 f6 33.exf6 Te3+ 34.Rf2
Rf7 35.Cf4 Tc3 36.Re2 Te3+ 37.Rf1 g5 38.Cd5 Tf3+ 39.Re2 g4 40.Td3 Tf5 41.
a3 Fxa3 42.Txd4 Fc5 43.Tf4 Txf4 44.Cxf4 Rxf6 45.Cxh5+ Re5 46.Cf4 Rd4 47.
Cd5 b5 48.Ce3 bxc4 49.Cxc4 a4 1/2-1/2

[Event "7. Amber Blindfold"]
[Site "Monaco MNC"]
[Date "1998.03.25"]
[Round "10"]
[White "Topalov, Veselin"]
[Black "Anand, Viswanathan"]
[Result "1/2-1/2"]
[WhiteElo "2740"]
[BlackElo "2770"]

1.e4 e5 2.Cf3 Cf6 3.Cxe5 d6 4.Cf3 Cxe4 5.d4 d5 6.Fd3 Cc6 7.O-O Fe7 8.c4 
Fe6 9.Te1 Cf6 10.cxd5 Fxd5 11.Cc3 O-O 12.Cxd5 Dxd5 13.Ff4 Dd8 14.a3 Cd5 
15.Fg3 Ff6 16.Fe4 Cce7 17.Db3 Dd7 18.Ce5 Fxe5 19.dxe5 c6 20.Tad1 Tfe8 21.
Dc2 g6 22.Db3 b6 23.h3 De6 24.Td2 Tad8 25.Ted1 Td7 26.Df3 Cf5 27.Ff4 Ted8 
28.Fg5 Cfe7 29.Fxd5 cxd5 30.Ff6 d4 31.De4 d3 32.Txd3 Txd3 33.Txd3 Txd3 34.
Dxd3 Cd5 35.Dd4 h6 36.h4 Rh7 37.g3 Dd7 38.Dc4 Cc7 39.Dc2 h5 40.De4 Cd5 41.
b4 De6 42.Dc4 Rg8 43.Dd4 Cxf6 44.exf6 Rh7 45.a4 Df5 46.b5 Db1+ 47.Rg2 Df5 
48.Dc3 g5 49.hxg5 Dxg5 50.Dd3+ Rh6 51.Dd6 Rg6 52.Dd7 De5 53.Dxa7 De4+ 54.
Rh2 Dd4 55.Rg1 Dd1+ 56.Rg2 Dd5+ 1/2-1/2

[Event "7. Amber Rapid"]
[Site "Monaco MNC"]
[Date "1998.03.25"]
[Round "10"]
[White "Anand, Viswanathan"]
[Black "Topalov, Veselin"]
[Result "1/2-1/2"]
[WhiteElo "2770"]
[BlackElo "2740"]

1.e4 c5 2.Cf3 d6 3.d4 cxd4 4.Cxd4 Cf6 5.Cc3 a6 6.Fe3 Cg4 7.Fg5 h6 8.Fh4 g5
9.Fg3 Fg7 10.Fc4 Cc6 11.Cxc6 bxc6 12.Df3 Tf8 13.Fb3 Ce5 14.De3 Tb8 15.O-O 
Db6 16.De2 Th8 17.Rh1 h5 18.f4 gxf4 19.Fxf4 Fg4 20.Dd2 Fe6 21.Tad1 Da5 22.
De1 h4 23.h3 Cc4 24.Fc1 Rd7 25.Df2 Tb7 26.Ce2 Cxb2 27.Fxb2 Fxb2 28.Tb1 Da3
29.Cf4 Fxb3 30.axb3 Ff6 31.Cd3 Da5 32.e5 Fxe5 33.Df5+ Rc7 34.Ta1 Dd5 35.
Cxe5 Dxe5 36.Dxe5 1/2-1/2

[Event "Hoogovens 5'"]
[Site "Wijk aan Zee NED"]
[Date "1999.01.18"]
[Round "10"]
[White "Anand, Viswanathan"]
[Black "Topalov, Veselin"]
[Result "1/2-1/2"]
[WhiteElo "2784"]
[BlackElo "2700"]

1.e4 e6 2.d4 a6 3.Cd2 d5 4.Cgf3 c5 5.dxc5 Fxc5 6.Fd3 Cc6 7.O-O Cge7 8.exd5
exd5 9.Cb3 Fb6 10.Te1 O-O 11.Fe3 Fc7 12.h3 h6 13.c3 Te8 14.Dc2 Dd6 15.Tad1
Df6 16.Cbd4 Fd7 17.Dd2 Cg6 18.Cxc6 bxc6 19.Fd4 Dd6 20.b4 a5 21.a3 axb4 22.
axb4 Txe1+ 23.Txe1 Te8 24.Txe8+ Fxe8 25.De3 Fd7 26.Ff1 f6 27.g3 Rf7 28.Fg2
Ce5 29.Cd2 Ff5 30.Cb3 Cc4 31.Dc1 De7 32.Fc5 Dd7 33.h4 Fe4 34.Cd4 Fxg2 35.
Rxg2 Fe5 36.Cf3 Dg4 37.Dd1 De4 38.Fd4 g5 39.hxg5 hxg5 40.Rg1 Fd6 41.Cd2 
Cxd2 42.Dxd2 1/2-1/2

[Event "16. Ciudad de Linares"]
[Site "Linares ESP"]
[Date "1999.02.25"]
[Round "4"]
[White "Anand, Viswanathan"]
[Black "Topalov, Veselin"]
[Result "1/2-1/2"]
[WhiteElo "2781"]
[BlackElo "2700"]

1.e4 c5 2.Cf3 d6 3.d4 cxd4 4.Cxd4 Cf6 5.Cc3 a6 6.Fe2 e6 7.O-O Fe7 8.a4 Cc6
9.Fe3 O-O 10.f4 Dc7 11.Rh1 Te8 12.Ff3 Fd7 13.Cb3 b6 14.Dd2 Tab8 15.Ff2 Fc8
16.Fg3 Cd7 17.e5 dxe5 18.Tae1 Fb7 19.fxe5 Ccxe5 20.Fxb7 Txb7 21.De2 f6 22.
Dxa6 Fb4 23.Cb5 Dc8 24.c3 Ff8 25.C5d4 Cb8 26.Db5 Cf7 27.Cd2 e5 28.Cf5 Td8 
29.Ce4 De6 30.Fh4 Dc6 31.b3 Dxb5 32.axb5 h6 33.g4 Cg5 34.Fxg5 hxg5 35.Ta1 
Tbd7 36.Ce3 Td3 37.Cc4 Cd7 38.b4 Tc8 39.Ccd2 Fe7 40.Ta7 Rf8 41.Rg2 Re8 42.
Rf2 g6 43.Re2 Th3 44.Cc4 Txh2+ 45.Rd3 Td8 46.Ccd6+ Fxd6 47.Cxd6+ Re7 48.
Ce4 f5 49.gxf5 gxf5 50.Txf5 Re6 51.Tf2 Cf6+ 52.Re2 Txf2+ 53.Cxf2 g4 54.Tg7
Rf5 55.c4 Td4 56.Cd1 Te4+ 57.Ce3+ Rf4 58.Tf7 Txe3+ 59.Rd2 Re4 60.Txf6 Td3+
61.Re2 Td4 62.c5 Txb4 63.Txb6 g3 64.Tg6 Tb2+ 65.Rf1 Rd4 1/2-1/2

[Event "16. Ciudad de Linares"]
[Site "Linares ESP"]
[Date "1999.03.06"]
[Round "11"]
[White "Topalov, Veselin"]
[Black "Anand, Viswanathan"]
[Result "0-1"]
[WhiteElo "2700"]
[BlackElo "2781"]

1.e4 c6 2.d4 d5 3.e5 Ff5 4.Cc3 e6 5.g4 Fg6 6.Cge2 Ce7 7.Cf4 c5 8.h4 cxd4 
9.Cb5 Cec6 10.h5 Fe4 11.f3 a6 12.Cd6+ Fxd6 13.exd6 g5 14.Ch3 h6 15.fxe4 
dxe4 16.Fg2 f5 17.O-O O-O 18.c3 Dxd6 19.gxf5 exf5 20.Db3+ Rh8 21.Fxe4 fxe4
22.Txf8+ Dxf8 23.De6 Cd7 24.Dxd7 Td8 25.Dg4 e3 26.b3 Ce5 27.De4 Df6 28.Rg2
e2 29.Fxg5 hxg5 30.cxd4 Dc6 31.d5 Dxd5 32.Dxd5 Txd5 33.Te1 Td2 34.Rf2 Txa2
35.Txe2 Cd3+ 36.Re3 Txe2+ 37.Rxe2 g4 38.Cg5 Cc1+ 39.Re3 Cxb3 40.h6 a5 41.
Rf4 Cd4 42.Rxg4 a4 43.Rh5 Cc6 0-1

[Event "8. Amber Blindfold"]
[Site "Monaco MNC"]
[Date "1999.03.19"]
[Round "4"]
[White "Topalov, Veselin"]
[Black "Anand, Viswanathan"]
[Result "1-0"]
[WhiteElo "2700"]
[BlackElo "2781"]

1.e4 c6 2.d4 d5 3.Cd2 dxe4 4.Cxe4 Ff5 5.Cg3 Fg6 6.h4 h6 7.Cf3 e6 8.Ce5 Fh7
9.Fd3 Fxd3 10.Dxd3 Cd7 11.Ff4 Cgf6 12.Db3 Db6 13.Cc4 Db5 14.Fd6 Fe7 15.O-O
Cb6 16.Dxb5 cxb5 17.Cxb6 axb6 18.Fxe7 Rxe7 19.a3 Thd8 20.c3 h5 21.f3 g6 
22.Tae1 Td5 23.Rf2 Rf8 24.Ce4 Rg7 25.Te2 Cg8 26.Tfe1 Ce7 27.Cg5 Cf5 28.g3 
Ce7 29.Ch3 Cc6 30.Cf4 Td6 31.g4 hxg4 32.fxg4 Tad8 33.Rg3 Th8 34.Tf1 Td7 
35.h5 g5 36.Cd3 Te8 37.Ce5 Cxe5 38.Txe5 f6 39.Txb5 Td6 40.Te1 Rf7 41.a4 
Ta8 42.Ta1 Rg7 43.Ta3 Rh6 44.Tab3 Ta6 45.T3b4 f5 46.Tc4 Ta8 47.Tcb4 Ta6 
48.Te5 Ta8 49.gxf5 exf5 50.Txf5 Rxh5 51.Tbb5 Tg8 52.Tf7 Te6 53.Th7+ Rg6 
54.Txb7 Te3+ 55.Rg4 Te4+ 56.Rf3 Tf4+ 57.Rg3 Tgf8 58.T5xb6+ Rf5 59.Te7 Tg4+
60.Rf3 Tf4+ 61.Re2 Rg4 62.a5 Rg3 63.a6 1-0

[Event "8. Amber Rapidplay"]
[Site "Monaco MNC"]
[Date "1999.03.19"]
[Round "4"]
[White "Anand, Viswanathan"]
[Black "Topalov, Veselin"]
[Result "1-0"]
[WhiteElo "2781"]
[BlackElo "2700"]

1.Cf3 Cf6 2.c4 g6 3.Cc3 Fg7 4.e4 d6 5.d4 O-O 6.Fe2 e5 7.O-O Ca6 8.Te1 c6 
9.Fe3 Cg4 10.Fg5 f6 11.Fh4 Ch6 12.h3 Cf7 13.Tb1 Cc7 14.b4 Ce6 15.d5 Cd4 
16.Cxd4 exd4 17.Dxd4 g5 18.Fg3 f5 19.Dd2 f4 20.Fh2 Ce5 21.dxc6 bxc6 22.b5 
f3 23.Fxe5 Fxe5 24.Fxf3 Fxh3 25.Te3 Fe6 26.bxc6 g4 27.Fd1 Tc8 28.Tb7 Txc6 
29.Cd5 Rh8 30.Teb3 g3 31.Dh6 gxf2+ 32.Rf1 Fg8 33.Txh7+ Fxh7 34.Tb7 1-0

[Event "?"]
[Site "Dos Hermanas ESP"]
[Date "1999.04.13"]
[Round "6"]
[White "Topalov, Veselin"]
[Black "Anand, Viswanathan"]
[Result "1/2-1/2"]
[WhiteElo "2700"]
[BlackElo "2781"]

1.e4 e5 2.Cf3 Cc6 3.Fb5 a6 4.Fa4 Cf6 5.O-O Fc5 6.c3 b5 7.Fc2 d6 8.a4 Fg4 
9.b4 Fb6 10.h3 Fd7 11.d3 h6 12.axb5 axb5 13.Txa8 Dxa8 14.Ca3 Da6 15.Fb2 
O-O 16.Dd2 Ce7 17.d4 Cg6 18.dxe5 dxe5 19.c4 bxc4 20.Cxe5 Cxe5 21.Fxe5 Fe6 
22.Dc3 Ta8 23.Cb1 Ce8 24.Td1 Db5 25.Db2 c5 1/2-1/2

[Event "Schachtage"]
[Site "Dortmund GER"]
[Date "1999.07.10"]
[Round "1"]
[White "Anand, Viswanathan"]
[Black "Topalov, Veselin"]
[Result "1/2-1/2"]
[WhiteElo "2781"]
[BlackElo "2700"]

1.e4 c5 2.Cf3 d6 3.d4 cxd4 4.Cxd4 Cf6 5.Cc3 a6 6.Fe3 Cg4 7.Fg5 h6 8.Fh4 g5
9.Fg3 Fg7 10.Fe2 h5 11.Fxg4 hxg4 12.Cd5 Cc6 13.Cf5 Fxf5 14.exf5 Fxb2 15.
Tb1 Da5+ 16.Dd2 Fd4 17.Dxa5 Cxa5 18.Cc7+ Rd7 19.Cxa8 Txa8 20.Rd1 Fc3 21.h4
gxh3 22.Txh3 Tc8 23.f4 gxf4 24.Fxf4 b5 25.Tf3 Tc4 26.Fd2 Fxd2 27.Rxd2 Ta4 
28.Ta1 f6 29.g3 Cc4+ 30.Re2 d5 31.c3 Rd6 32.Td3 Ta3 33.Tf3 a5 34.Td3 Rc5 
35.g4 Ta4 36.Tg3 Cd6 37.a3 Ce4 38.Te3 Tc4 39.Rf3 Rd6 40.Tae1 Ta4 41.Ta1 
Tc4 42.Tae1 Rd7 43.T1e2 Rc6 44.Te1 Rd6 45.T1e2 Cxc3 46.Te6+ Rc5 47.Te1 Ta4
48.Txe7 Ce4 49.Tc1+ Rd4 50.Td1+ Rc5 51.Tc1+ 1/2-1/2

[Event "6. Amber Blindfold"]
[Site "Monaco MNC"]
[Date "1997.??.??"]
[Round "11"]
[White "Andersson, Ulf"]
[Black "Topalov, Veselin"]
[Result "1-0"]
[WhiteElo "2655"]
[BlackElo "2725"]

1.Cf3 d6 2.d4 Cf6 3.g3 g6 4.Fg2 Fg7 5.O-O Ff5 6.Te1 O-O 7.Cbd2 Dc8 8.e4 
Fg4 9.c3 Cc6 10.Dc2 Fh3 11.Cc4 Fxg2 12.Rxg2 e6 13.Fg5 b5 14.Fxf6 Fxf6 15.
Ce3 Fg7 16.a4 a6 17.axb5 axb5 18.d5 exd5 19.Cxd5 Txa1 20.Txa1 Te8 21.Db3 
Db7 22.Da2 Db8 23.Da6 Cd8 24.Da7 Dxa7 25.Txa7 c6 26.Cb4 Txe4 27.Ta8 Te8 
28.Cxc6 Cxc6 29.Txe8+ 1-0

[Event "6. Amber Rapid"]
[Site "Monaco MNC"]
[Date "1997.??.??"]
[Round "11"]
[White "Topalov, Veselin"]
[Black "Andersson, Ulf"]
[Result "1-0"]
[WhiteElo "2725"]
[BlackElo "2655"]

1.e4 c5 2.Cf3 e6 3.d4 cxd4 4.Cxd4 Cc6 5.Cc3 a6 6.Fe3 Cf6 7.Fd3 d5 8.O-O 
Fd6 9.exd5 exd5 10.h3 O-O 11.Te1 Te8 12.Cxc6 bxc6 13.Fd4 Txe1+ 14.Dxe1 Fe6
15.Ca4 Fc7 16.Fe5 Cd7 17.Fxc7 Dxc7 18.De3 a5 19.b3 Da7 20.Df4 Db8 21.Dh4 
h6 22.Dd4 Db4 23.c3 Dd6 24.Te1 c5 25.De3 Td8 26.Td1 Tc8 27.Fe4 Cf6 28.Ff3 
Fd7 29.Cb2 Fc6 30.Cc4 Dc7 31.Cb2 Fb7 32.Dd2 Te8 33.Ca4 Tc8 34.Te1 Fa8 35.
Dd3 Fb7 36.h4 Fa8 37.Df5 Fb7 38.h5 Td8 39.De5 Tc8 40.De7 Fa6 41.Te5 Dc6 
42.c4 Te8 43.Dxc5 1-0

[Event "SuperGM"]
[Site "Sarajevo BIH"]
[Date "1999.05.19"]
[Round "3"]
[White "Bareev, Evgeny"]
[Black "Topalov, Veselin"]
[Result "1-0"]
[WhiteElo "2679"]
[BlackElo "2700"]

1.d4 Cf6 2.c4 e6 3.Cc3 Fb4 4.Dc2 O-O 5.a3 Fxc3+ 6.Dxc3 b6 7.Cf3 Fb7 8.e3 
d6 9.b3 Ce4 10.Dc2 f5 11.Fb2 Cg5 12.d5 exd5 13.O-O-O c5 14.cxd5 Fa6 15.h4 
Cxf3 16.gxf3 Fxf1 17.Tdxf1 Cd7 18.Tfg1 Tf7 19.Tg5 c4 20.bxc4 Tc8 21.Txf5 
Txc4 22.Dxc4 Txf5 23.Fxg7 Rxg7 24.Dg4+ Rf6 25.e4 Te5 26.f4 Dc7+ 27.Rb1 Dc3
28.fxe5+ Cxe5 29.De6+ Rg7 30.Tg1+ Cg6 31.De7+ Rg8 32.De8+ Rg7 33.De7+ Rg8 
34.De8+ Rg7 35.Db5 Rf7 36.h5 Ce5 37.Db2 Df3 38.Dc2 Rf6 39.Ra2 b5 40.Tg3 
Df4 41.De2 Dc1 42.f4 Dxf4 43.Tg2 1-0

[Event "6. Magistral"]
[Site "Madrid ESP"]
[Date "1997.??.??"]
[Round "8"]
[White "Beliavsky, Alexander G"]
[Black "Topalov, Veselin"]
[Result "1/2-1/2"]
[WhiteElo "2665"]
[BlackElo "2725"]

1.d4 Cf6 2.c4 e6 3.Cf3 b6 4.g3 Fa6 5.b3 b5 6.cxb5 Fxb5 7.Fg2 d5 8.O-O Cbd7
9.Cc3 Fa6 10.Ce5 Fd6 11.Cc6 Dc8 12.a3 O-O 13.Fg5 De8 14.Dd2 Cb6 15.Ca5 c5 
16.dxc5 Fxc5 17.Fxf6 gxf6 18.Tfc1 Tc8 19.e4 d4 20.Cd1 d3 21.e5 Fd4 22.Txc8
Dxc8 23.Tc1 Dd7 24.Fc6 De7 25.Fe4 fxe5 26.Cc6 Df6 27.Fxd3 Fb7 28.Fe4 Fxc6 
29.Txc6 Td8 30.Cc3 Cc8 31.Fg2 Rg7 32.Ce4 Dg6 33.Da5 Td5 34.Db4 Cb6 35.De7 
Fb2 36.h4 Td1+ 37.Rh2 Cd5 38.De8 Cf6 39.Cxf6 Dxf6 40.Tc8 Rh6 41.Df8+ Dg7 
42.Dc5 Dg6 43.Ff3 Td7 44.g4 f6 45.Df8+ Dg7 46.De8 Df7 47.Dh8 e4 48.Fxe4 
Dg7 49.Dxg7+ Rxg7 50.Tc6 Fxa3 51.Txe6 Te7 52.Ta6 Fc5 53.f3 Fb6 54.Ta2 Fc7+
55.Rh3 Ff4 56.Ta5 h6 57.Tf5 Fd2 58.Rg2 Te5 1/2-1/2

[Event "EU Ch U20"]
[Site "Arnhem NED"]
[Date "1989.??.??"]
[Round "?"]
[White "Dreev, Alexey"]
[Black "Topalov, Veselin"]
[Result "1/2-1/2"]
[WhiteElo "2570"]
[BlackElo "2460"]

1.d4 Cf6 2.c4 e5 3.dxe5 Cg4 4.Ff4 g5 5.Fd2 Cxe5 6.e4 Fg7 7.Cc3 d6 8.Cf3 h6
9.Fe2 Cbc6 10.h4 Cxf3+ 11.Fxf3 Fe6 12.hxg5 hxg5 13.Txh8+ Fxh8 14.Cd5 Ce5 
15.Fe2 c6 16.Ce3 Db6 17.Db3 Cd7 1/2-1/2

[Event "Hoogovens"]
[Site "Wijk aan Zee NED"]
[Date "1996.??.??"]
[Round "3"]
[White "Topalov, Veselin"]
[Black "Dreev, Alexey"]
[Result "1/2-1/2"]
[WhiteElo "2700"]
[BlackElo "2670"]

1.e4 e6 2.d4 d5 3.Cd2 c5 4.exd5 Dxd5 5.Cgf3 cxd4 6.Fc4 Dd6 7.Fb3 Cf6 8.Cc4
Dd8 9.Dxd4 Dxd4 10.Cxd4 Fc5 11.Cb5 Ca6 12.Ff4 O-O 13.Cbd6 Cc7 14.Cxc8 
Tfxc8 15.Ce5 Ccd5 16.Fg3 Ce7 1/2-1/2

[Event "14. Ciudad de Linares"]
[Site "Linares ESP"]
[Date "1997.??.??"]
[Round "10"]
[White "Dreev, Alexey"]
[Black "Topalov, Veselin"]
[Result "0-1"]
[WhiteElo "2650"]
[BlackElo "2725"]

1.d4 Cf6 2.c4 g6 3.Cc3 Fg7 4.e4 d6 5.f3 O-O 6.Fg5 a6 7.Dd2 c5 8.Cge2 Da5 
9.d5 b5 10.Cc1 Cbd7 11.cxb5 axb5 12.Cxb5 Cb6 13.Dxa5 Txa5 14.Fd2 Ta8 15.
Ce2 Cc4 16.Cec3 Cxb2 17.a4 c4 18.Ta2 Cd3+ 19.Fxd3 cxd3 20.Fg5 Fa6 21.Cc7 
Cd7 22.Ta3 Tfc8 23.C3b5 Fxb5 24.Cxb5 Tc5 25.Tb3 Txa4 26.O-O Ta2 27.Rh1 d2 
28.Ca3 Fd4 29.Td3 Tc1 0-1

[Event "Olympiad (men)"]
[Site "Elista RUS"]
[Date "1998.10.07"]
[Round "9"]
[White "Dreev, Alexey"]
[Black "Topalov, Veselin"]
[Result "1/2-1/2"]
[WhiteElo "2645"]
[BlackElo "2700"]
[EventDate "1998.09.29"]

1.d4 Cf6 2.c4 g6 3.Cc3 Fg7 4.e4 d6 5.f3 O-O 6.Cge2 c5 7.d5 e6 8.Cg3 exd5 
9.cxd5 h5 10.Fg5 Db6 11.Db3 Dc7 12.Fe2 a6 13.a4 Ch7 14.Fe3 De7 15.O-O Cd7 
16.f4 Fd4 17.Ff2 h4 18.Ch1 g5 19.Dd1 Df6 20.fxg5 1/2-1/2

[Event "32. Olympiad"]
[Site "Erevan ARM"]
[Date "1996.??.??"]
[Round "11"]
[White "Ehlvest, Jaan"]
[Black "Topalov, Veselin"]
[Result "1/2-1/2"]
[WhiteElo "2660"]
[BlackElo "2750"]

1.Cf3 Cf6 2.c4 g6 3.g3 Fg7 4.Fg2 O-O 5.O-O d6 6.Cc3 e5 7.d3 c6 8.Tb1 Te8 
9.e4 a5 10.a3 Ca6 11.b4 axb4 12.axb4 h6 13.Fe3 Cc7 14.b5 Ce6 15.bxc6 
1/2-1/2

[Event "12. Olympiad"]
[Site "Moscow RUS"]
[Date "1994.??.??"]
[Round "4"]
[White "Gelfand, Boris"]
[Black "Topalov, Veselin"]
[Result "0-1"]
[WhiteElo "2680"]
[BlackElo "2645"]

1.d4 Cf6 2.Cf3 e6 3.c4 c5 4.d5 d6 5.Cc3 exd5 6.cxd5 g6 7.h3 Fg7 8.e4 O-O 
9.Fd3 b5 10.Cxb5 Te8 11.O-O Cxe4 12.Te1 a6 13.Ca3 Cf6 14.Txe8+ Cxe8 15.Fg5
Dc7 16.Dd2 Fb7 17.Te1 Cd7 18.Fc2 Cef6 19.Fb3 Te8 20.Txe8+ Cxe8 21.Cc4 Cef6
22.Ff4 Ff8 23.Ce3 Cb6 24.Dd3 Dd7 25.Fc4 Cxc4 26.Dxc4 Db5 27.b3 Db4 28.Fg5 
Fg7 29.a4 Ce4 30.Fd8 f5 31.g4 f4 32.Cc2 Dxc4 33.bxc4 Fc8 34.a5 h6 35.Rf1 
Rf7 36.Re2 Re8 37.Fc7 Rd7 38.Fb6 Re7 39.Cd2 Cc3+ 40.Rf3 g5 41.Ce4 Fd7 42.
Cxc3 Fxc3 43.Re2 Ff6 44.Ca3 Fa4 45.Cb1 Fc2 46.Cd2 Fc3 47.Cf3 Fb4 48.Fc7 
Rd7 49.Fb6 Fb3 50.Rd3 Re8 51.Fc7 Re7 52.Fb6 Rd7 53.Cg1 Fe1 54.f3 Fa2 55.
Re2 Fb4 56.Rd3 Fb1+ 57.Re2 Fc3 58.h4 gxh4 59.Ch3 Fe5 60.Cf2 Fg6 0-1

[Event "?"]
[Site "Madrid ESP"]
[Date "1996.??.??"]
[Round "3"]
[White "Topalov, Veselin"]
[Black "Gelfand, Boris"]
[Result "1/2-1/2"]
[WhiteElo "2700"]
[BlackElo "2700"]

1.e4 c5 2.Cf3 d6 3.d4 cxd4 4.Cxd4 Cf6 5.Cc3 a6 6.Fe3 e5 7.Cb3 Fe6 8.f3 
Cbd7 9.g4 b5 10.g5 Ch5 11.a4 bxa4 12.Txa4 Fe7 13.Cd5 Fxg5 14.Fxg5 Dxg5 15.
Cc7+ Re7 16.Cxa8 Dh4+ 17.Rd2 Dg5+ 18.Re1 Dh4+ 19.Rd2 Dg5+ 20.Re1 Dh4+ 
1/2-1/2

[Event "Novgorod"]
[Site "Novgorod RUS"]
[Date "1996.??.??"]
[Round "5"]
[White "Gelfand, Boris"]
[Black "Topalov, Veselin"]
[Result "1/2-1/2"]
[WhiteElo "2665"]
[BlackElo "2750"]

1.d4 Cf6 2.Cf3 g6 3.c4 Fg7 4.Cc3 O-O 5.e4 d6 6.Fe2 e5 7.Fe3 c6 8.d5 Ca6 9.
O-O Cg4 10.Fg5 f6 11.Fd2 f5 12.Cg5 Cf6 13.exf5 gxf5 14.f4 e4 15.Fe3 c5 16.
Ch3 Cg4 17.Fxg4 fxg4 18.Cf2 Fxc3 19.bxc3 h5 20.De2 Ff5 21.Fd2 Cc7 22.Cd1 
Tf7 23.Ce3 Df6 24.Tab1 Ce8 25.Dd1 Tc8 26.Tb2 Cg7 27.Fe1 Te8 28.Da4 b6 29.
Te2 Tee7 30.Db3 Fc8 31.Dc2 Cf5 32.Cxf5 Fxf5 33.Te3 Te8 34.Ff2 Th7 35.Dd2 
Dd8 36.Dc2 Tf8 37.Ta1 Fg6 38.g3 Ff5 39.Db3 Tb7 40.Te2 e3 41.Txe3 Te8 42.
Txe8+ Dxe8 43.Db5 Te7 44.Dc6 Dxc6 45.dxc6 Fc2 46.Tc1 Fa4 47.Te1 Rf7 48.Fe3
Fxc6 49.Rf2 Fe4 50.Td1 Te6 51.Td2 Re7 52.a4 Rd8 53.a5 Rc7 54.axb6+ Rxb6 
55.Tb2+ Rc7 56.Ta2 Rb8 57.Td2 a6 58.f5 Fxf5 59.Ff4 Rb7 1/2-1/2

[Event "Hoogovens"]
[Site "Wijk aan Zee NED"]
[Date "1996.??.??"]
[Round "6"]
[White "Gelfand, Boris"]
[Black "Topalov, Veselin"]
[Result "1/2-1/2"]
[WhiteElo "2700"]
[BlackElo "2700"]

1.Cf3 Cf6 2.c4 g6 3.Cc3 Fg7 4.e4 d6 5.d4 O-O 6.Fe2 e5 7.O-O Cc6 8.d5 Ce7 
9.Ce1 Ce8 10.Fe3 f5 11.f3 f4 12.Ff2 h5 13.c5 g5 14.a4 dxc5 15.Fxc5 Tf6 16.
Cd3 Tg6 17.Ff2 g4 18.Fh4 a6 19.g3 Dd6 20.fxg4 Fxg4 21.Fxg4 Txg4 22.Cf2 Tg6
23.Dxh5 Cf6 24.De2 Rf7 25.Rh1 Th8 26.Tg1 fxg3 27.Fxg3 Ch5 28.Cg4 Re8 29.
Ff2 Cf4 30.Dd1 Dd7 31.Tg3 Th3 32.Df3 Txg3 33.hxg3 Dxg4 34.Dxg4 Txg4 35.
gxf4 exf4 36.Tg1 Txg1+ 37.Rxg1 Cc8 38.Fc5 Rd7 39.Rg2 Cd6 40.Fxd6 Rxd6 41.
Ce2 Fxb2 42.Cxf4 b5 43.Cd3 Fe5 44.axb5 a5 45.Rf3 a4 46.Re2 a3 47.b6 cxb6 
48.Cc1 Rc5 49.Rd3 Ff4 50.Rc2 Rc4 51.Rb1 b5 52.d6 Fxd6 53.Ra2 Rd4 54.Cb3+ 
Rxe4 55.Cc1 Rd4 56.Cb3+ Rc3 57.Cc1 Rb4 58.Cb3 Ra4 1/2-1/2

[Event "14. Ciudad de Linares"]
[Site "Linares ESP"]
[Date "1997.??.??"]
[Round "7"]
[White "Gelfand, Boris"]
[Black "Topalov, Veselin"]
[Result "0-1"]
[WhiteElo "2700"]
[BlackElo "2725"]

1.d4 Cf6 2.Cf3 g6 3.c4 Fg7 4.Cc3 O-O 5.e4 d6 6.Fe2 e5 7.Fe3 exd4 8.Cxd4 
Te8 9.f3 c6 10.Ff2 d5 11.exd5 cxd5 12.O-O Cc6 13.c5 Ch5 14.g3 Fh3 15.Te1 
Dg5 16.Cdb5 Tad8 17.Cd6 Fd4 18.Dc1 Fe3 19.Fxe3 Txe3 20.Rf2 d4 21.Cd1 Txe2+
22.Txe2 Dd5 23.Ce4 Ce5 24.Dg5 Te8 25.Td2 Dc4 26.Cdc3 h6 27.Dh4 dxc3 28.Td8
cxb2 29.Txe8+ Rg7 30.Td1 Dc2+ 31.Td2 b1=D 32.Dxh3 Dcc1 0-1

[Event "8. Amber Blindfold"]
[Site "Monaco MNC"]
[Date "1999.03.23"]
[Round "7"]
[White "Topalov, Veselin"]
[Black "Gelfand, Boris"]
[Result "1-0"]
[WhiteElo "2700"]
[BlackElo "2691"]

1.d4 Cf6 2.c4 e6 3.Cf3 b6 4.g3 Fa6 5.Cbd2 d5 6.Fg2 Fe7 7.O-O O-O 8.cxd5 
exd5 9.Ce5 Fb7 10.b3 c5 11.dxc5 bxc5 12.Fb2 Cbd7 13.Cxd7 Dxd7 14.e4 Tfd8 
15.exd5 Fxd5 16.Cc4 Fxg2 17.Rxg2 Db7+ 18.Df3 Dxf3+ 19.Rxf3 Cd5 20.Tfd1 Cb4
21.Txd8+ Txd8 22.Te1 Ff8 23.a3 Cc6 24.Te2 f6 25.Td2 Tb8 26.Td3 Rf7 27.g4 
Re6 28.h4 g6 29.Te3+ Rd5 30.Fxf6 Tb7 31.g5 Fg7 32.Fxg7 Txg7 33.Rg4 Tb7 34.
f4 Te7 35.Txe7 Cxe7 36.h5 Rd4 37.Cd6 Rc3 38.f5 gxf5+ 39.Cxf5 Cg8 40.Rf4 
Rxb3 41.Re5 Rxa3 42.Re6 a5 43.Rf7 a4 44.Rxg8 Rb2 45.g6 h6 46.g7 a3 47.Rh7 
a2 48.g8=D a1=D 49.Dg7+ 1-0

[Event "8. Amber Rapidplay"]
[Site "Monaco MNC"]
[Date "1999.03.23"]
[Round "7"]
[White "Gelfand, Boris"]
[Black "Topalov, Veselin"]
[Result "1-0"]
[WhiteElo "2691"]
[BlackElo "2700"]

1.Cf3 d5 2.d4 Cf6 3.c4 e6 4.Cc3 Fe7 5.Ff4 O-O 6.e3 c5 7.dxc5 Fxc5 8.a3 Cc6
9.Tc1 a6 10.b4 Fa7 11.c5 h6 12.Fe2 Fb8 13.O-O e5 14.Fg3 Fe6 15.Fh4 g5 16.
Cxg5 hxg5 17.Fxg5 Rg7 18.f4 exf4 19.exf4 d4 20.Ce4 Cxe4 21.Fxd8 Txd8 22.
Fd3 Cf6 23.De1 Th8 24.Dg3+ Rf8 25.Tce1 Ce7 26.Df2 Fc7 27.Dxd4 Th6 28.Fc4 
Td8 29.Dc3 Ced5 30.Dc1 b5 31.Fxd5 Fxd5 32.Td1 Te8 33.Tfe1 Txe1+ 34.Txe1 
Fc6 35.g3 Ce4 36.Dd1 Te6 37.Dh5 Re7 38.Dh8 Cxc5 39.Dh4+ Re8 40.Txe6+ Cxe6 
41.f5 Cf8 42.Df6 Fb7 43.Dh8 Re7 44.f6+ Re8 45.g4 Ff4 46.h4 Fc1 47.Dh5 Ce6 
48.Dh8+ Cf8 49.g5 Fxa3 50.g6 fxg6 51.Dg7 1-0